000 00362nam a22001577a 4500
003 SGT
020 _a9788131243732
082 _a611
_bA17S
100 _aSHANKAR, NACHIKET
245 _aTB. OG ANATOMY AND PHYSIOLOGY FOR NURSES
250 _a1ST
260 _aINDIA
_bELSEVIER PUB
_c2017
300 _a584
650 _aHUMAN ANATOMY
942 _2ddc
_cBK
_044
999 _c21948
_d21948